MARC

LEADER 00000nam0a2200000 4500
001 169109
005 20231031163315.0
035 |a (RuTPU)RU\TPU\book\183446 
090 |a 169109 
100 |a 20091106d1976 m y0rusy50 ca 
101 0 |a rus  |a eng 
102 |a RU 
105 |a a j 000zy 
200 1 |a Обучение реферированию научной литературы  |f М. А. Васильева, Е. И. Закгейм 
210 |a Москва  |c Изд-во МГУ  |d 1976 
215 |a 260 с. 
610 1 |a реферирование 
610 1 |a обучение 
610 1 |a научная литература 
610 1 |a английский язык 
610 1 |a география 
610 1 |a биология 
610 1 |a геология 
610 1 |a учебные пособия 
686 |a Ш143.21  |2 rubbk 
700 1 |a Васильева  |b М. А.  |g Мария Александровна 
701 1 |a Закгейм  |b Е. И.  |g Елена Исааковна 
801 1 |a RU  |b 63413507  |c 20091106 
801 2 |a RU  |b 63413507  |c 20211201  |g RCR 
942 |c BK